Paddington in the garden / (Record no. 41552)
| 000 -LEADER | |
|---|---|
| fixed length control field | 00384nam a22001337a 4500 |
| 008 - FIXED-LENGTH DATA ELEMENTS--GENERAL INFORMATION | |
| fixed length control field | 200925b ||||| |||| 00| 0 eng d |
| 020 ## - INTERNATIONAL STANDARD BOOK NUMBER | |
| International Standard Book Number | 9780007943159 |
| 100 ## - MAIN ENTRY--PERSONAL NAME | |
| Personal name | Bond, Michael |
| 9 (RLIN) | 76399 |
| 245 ## - TITLE STATEMENT | |
| Title | Paddington in the garden / |
| Statement of responsibility, etc | Michael Bond |
| 260 ## - PUBLICATION, DISTRIBUTION, ETC. (IMPRINT) | |
| Place of publication, distribution, etc | USA |
| Name of publisher, distributor, etc | HarperCollins |
| Date of publication, distribution, etc | 2017 |
| 300 ## - PHYSICAL DESCRIPTION | |
| Extent | [32] p. |
| Other physical details | col. ill. |
| Dimensions | 27 cm. |
| 650 ## - SUBJECT ADDED ENTRY--TOPICAL TERM | |
| Topical term or geographic name as entry element | Children's stories |
| 9 (RLIN) | 76400 |
| 942 ## - ADDED ENTRY ELEMENTS (KOHA) | |
| Source of classification or shelving scheme | |
| Item type | Book |
| Withdrawn status | Lost status | Source of classification or shelving scheme | Damaged status | Not for loan | Collection code | Home library | Current library | Date acquired | Total Checkouts | Total Renewals | Full call number | Barcode | Date last seen | Date last borrowed | Price effective from | Koha item type |
|---|---|---|---|---|---|---|---|---|---|---|---|---|---|---|---|---|
| Siem Reap | Asian Hope Primary Library | Asian Hope Primary Library | 09/25/2020 | 6 | 1 | E BON | 198584 | 03/12/2026 | 03/05/2026 | 09/25/2020 | Book |